000 00366nam a2200145Ia 4500
999 _c10785
_d10785
008 191201s2011 xx 000 0 und d
082 _a658.8
_bCHI
100 _aCHERUNILAM, Francis
245 0 _aInternational Trade and Export Management
250 _a21th
260 _aNew Delhi
_bHimalaya Pub.
_c2021
300 _a512
650 _aB Com
942 _2ddc
_cBK
_07